|
|
|
|
| LEADER |
00000nam0a2200000 4500 |
| 001 |
137242 |
| 005 |
20231031140955.0 |
| 010 |
|
|
|a 9785948330341
|
| 035 |
|
|
|a (RuTPU)RU\TPU\book\148736
|
| 090 |
|
|
|a 137242
|
| 100 |
|
|
|a 20080507d2007 km y0rusy50 ca
|
| 101 |
1 |
|
|a rus
|c eng
|
| 102 |
|
|
|a RU
|
| 105 |
|
|
|a y z 001zy
|
| 200 |
1 |
|
|a Эмоции и рассудок. Их влияние на поведение потребителя
|e пер. с англ.
|f А. Чаудхури
|
| 210 |
|
|
|a Москва
|c Группа ИДТ
|d 2007
|
| 215 |
|
|
|a 251 с.
|
| 320 |
|
|
|a Библиогр.: с. 239.
|
| 320 |
|
|
|a Указатель: с. 241-250.
|
| 330 |
|
|
|a В книге описаны некоторые эмоциональные и рациональные мотивы, побуждающие покупателя выбрать тот или иной товар и влияющие на восприятие им коммерческого сообщения. Автор наглядно демонстрирует, какое влияние эти мотивирующие силы могут оказывать на показатели эффективности маркетинга. В каждую главу включен теоретический раздел, содержащий результаты практических исследований. Целевая аудитория: выпускники и студенты старших курсов институтов, специалисты, исследующих поведение потребителя.
|
| 610 |
1 |
|
|a коммерческая деятельность
|
| 610 |
1 |
|
|a торговля
|
| 610 |
1 |
|
|a потребление
|
| 610 |
1 |
|
|a теория
|
| 610 |
1 |
|
|a психология
|
| 610 |
1 |
|
|a эмоции
|
| 610 |
1 |
|
|a рассудок
|
| 610 |
1 |
|
|a потребительское поведение
|
| 610 |
1 |
|
|a товары
|
| 610 |
1 |
|
|a восприятие
|
| 610 |
1 |
|
|a маркетинг
|
| 610 |
1 |
|
|a эффективность
|
| 686 |
|
|
|a У821.4
|v LBC/SL-A
|2 rubbk
|
| 686 |
|
|
|a У842
|v LBC/SL-A
|2 rubbk
|
| 700 |
|
1 |
|a Чаудхури
|b А.
|g Арьюн
|
| 801 |
|
1 |
|a RU
|b 63413507
|c 20080507
|g PSBO
|
| 801 |
|
2 |
|a RU
|b 63413507
|c 20131119
|g PSBO
|
| 942 |
|
|
|c BK
|
| 959 |
|
|
|a 47/20080428
|d 1
|e 345,00
|f ЧЗГЛ:1
|